000 00309nam a2200121Ia 4500
100 _aEilon/ Samuel
942 _cBK
654 _aElements of Production Planning Control
245 _aElements of Production Planning Control
260 _bNavneet Prakashan
_aMumbai
_c1999
300 _a587
546 _aENGLISH
999 _c20869
_d20869